000
00247nam a2200097Ia 4500
008
220204s9999 xx 000 0 und d
082
_a
0581999
_b
MAN
245
0
_a
Manorama Yearbook. 1999.
260
_a
Kottayam
_b
Malayala Manorama
_c
1999
942
_c
BK
999
_c
41521
_d
41521